000 00598nam a2200205Ia 4500
005 20250507130336.0
008 008 250505s9999 xx 000 0 eng d
020 _a9780824829735
037 _aAnnuals, Advances
040 _aEASL
_beng
_cEASL
041 _aeng
_2eng
084 _aY:5.42.K1<-F9, P6
_qEASL
100 _aFarris William Wayne Au.
245 0 _aJapan's medieval population
260 _aUSA
_bHonolulu university of Hawai'i press
_c2006
300 _ax,372p.
490 _vV.7
942 _cTEXL
_hY:5.42.K1<-F9, P6
999 _c1319120
_d1319120